Manuel de numismatique française / (Record no. 33624)
[ view plain ]
| 000 -LEADER | |
|---|---|
| campo de control de longitud fija | 00798nam a2200205 i 4500 |
| 001 - NÚMERO DE CONTROL | |
| campo de control | 33624 |
| 003 - IDENTIFICADOR DE NÚMERO DE CONTROL | |
| campo de control | ES-MaACL |
| 005 - FECHA Y HORA DE LA ÚLTIMA TRANSACCIÓN | |
| campo de control | 20260130141908.0 |
| 007 - CAMPO FIJO DE DESCRIPCIÓN FÍSICA--INFORMACIÓN GENERAL | |
| campo de control de longitud fija | t| |
| 008 - DATOS DE LONGITUD FIJA--INFORMACIÓN GENERAL | |
| campo de control de longitud fija | 030202m19121916fr ||||1| fre d |
| 100 1# - ENTRADA PRINCIPAL--NOMBRE DE PERSONA | |
| Nombre de persona | Blanchet, Jules-Adrien, |
| Fechas asociadas al nombre | 1866-1957 |
| 9 (RLIN) | 154513 |
| 245 10 - MENCIÓN DEL TÍTULO | |
| Título | Manuel de numismatique française / |
| Mención de responsabilidad, etc. | par A. Blanchet et A. Dieudonné. |
| 260 ## - PUBLICACIÓN, DISTRIBUCIÓN, ETC. | |
| Lugar de publicación, distribución, etc. | [S.l. : |
| Nombre del editor, distribuidor, etc. | s.n., |
| Fecha de publicación, distribución, etc. | 1912-1916] ( |
| Lugar de fabricación/manufactura | Maçon : |
| Fabricante | Protat Frères) |
| 300 ## - DESCRIPCIÓN FÍSICA | |
| Extensión | 2 v. ; |
| Dimensiones | 23 cm. |
| 505 8# - NOTA DE CONTENIDO CON FORMATO | |
| Nota de contenido con formato | Contiene: I. Monnaies frappées en Gaule jusqu'áa Hughes Capet / par A. Blanchet - II. Monnaies royales françaises depuis Hughes Capet / par A. Dieudonné |
| 650 #4 - PUNTO DE ACCESO ADICIONAL DE MATERIA--TÉRMINO DE MATERIA | |
| Término de materia o nombre geográfico como elemento de entrada | Numismática- |
| Subdivisión geográfica | Francia. |
| 9 (RLIN) | 154515 |
| 700 1# - ENTRADA AGREGADA--NOMBRE PERSONAL | |
| Nombre de persona | Dieudonné, Adolphe, |
| Fechas asociadas al nombre | 1868-1945 |
| 9 (RLIN) | 154514 |
| 852 ## - LOCALIZACIÓN | |
| Ubicación | ES-MaACL |
| Número de control de estantería | F-816-17 |
| Estatus retirado | Estado de pérdida | Estado de daño | No para préstamo | Biblioteca de origen | Biblioteca actual | Ubicación en estantería | Fecha de adquisición | Fuente de adquisición | Total de préstamos | Signatura topográfica completa | Código de barras | Visto por última vez | Precio de reemplazo | Tipo de ítem Koha |
|---|---|---|---|---|---|---|---|---|---|---|---|---|---|---|
| Biblioteca del Ateneo de Madrid | Biblioteca del Ateneo de Madrid | Depósito 2 | 17/01/2008 | F-816-17 | 1034995 | 23/02/2023 | 23/02/2023 | Libro impreso |
